[Event "Titled Tuesday intern op 23rd Apr Late"]
[Site "Chess.com INT"]
[Date "2024.04.23"]
[Round "11"]
[White "Vovk, Orest"]
[Black "Melillo, Lucius"]
[Result "0-1"]
[WhiteElo "2315"]
[BlackElo "2274"]
[PlyCount "60"]
[EventDate "2024.04.23"]
[EventType "swiss (blitz)"]
[EventRounds "11"]
[EventCountry "USA"]
[SourceTitle "CB18_2024"]
[SourceDate "2024.05.01"]
[SourceVersion "1"]
[SourceVersionDate "2024.05.01"]
[SourceQuality "2"]

1. h4 Nf6 2. h5 h6 3. Nf3 b6 4. g4 Bb7 5. Rg1 a5 6. g5 hxg5 7. Nxg5 Rxh5 8. d4 e6 9. Nc3 d5 10. Bf4 Bd6 11. Qd2 Bxf4 12. Qxf4 Qd6 13. Qxd6 cxd6 14. Nb5 Ke7 15. e3 Bc6 16. 0-0-0 Nbd7 17. f4 Rah8 18. Bd3 Ne4 19. Bxe4 dxe4 20. Nxd6 Rxg5 21. Rxg5 Kxd6 22. Rxg7 Ke7 23. c4 Nf6 24. f5 exf5 25. d5 Bd7 26. Kc2 Rc8 27. Kc3 Ng4 28. Re1 Ne5 29. b3 b5 30. Kd4 Nf3+ 0-1

[Event "Titled Tuesday intern op 16th Apr Late"]
[Site "Chess.com INT"]
[Date "2024.04.16"]
[Round "6"]
[White "Bold, Andre"]
[Black "Vovk, Orest"]
[Result "0-1"]
[WhiteElo "2218"]
[BlackElo "2315"]
[PlyCount "114"]
[EventDate "2024.04.16"]
[EventType "swiss (blitz)"]
[EventRounds "11"]
[EventCountry "USA"]
[SourceTitle "CB17_2024"]
[SourceDate "2024.04.24"]
[SourceVersion "1"]
[SourceVersionDate "2024.04.24"]
[SourceQuality "1"]

1. d4 Nc6 2. d5 Ne5 3. Bf4 Ng6 4. Bg3 e5 5. dxe6 fxe6 6. e4 Nf6 7. Nd2 Bc5 8. Bd3 0-0 9. Ngf3 d5 10. 0-0 Nh5 11. exd5 Nxg3 12. hxg3 exd5 13. Bxg6 hxg6 14. Nb3 Bb6 15. Ne5 Qd6 16. Nf3 Qxg3 17. Qxd5+ Kh8 18. Nbd4 Qg4 19. Rad1 Bf5 20. Nxf5 Rxf5 21. Qxb7 Raf8 22. Rd3 Rh5 23. Rfd1 Kh7 24. Qc6 Rf6 25. Qd7 Rhf5 26. Kf1 Qh5 27. Kg1 g5 28. Nxg5+ Qxg5 29. Rh3+ Kg6 30. Qe8+ Rf7 31. Qe6+ R5f6 32. Qe4+ Qf5 33. Rg3+ Kh7 34. Rh3+ Rh6 35. Rxh6+ gxh6 36. Qxf5+ Rxf5 37. Rd2 Kg6 38. Kf1 h5 39. f3 h4 40. Ke2 Rg5 41. Kd1 Kf6 42. c4 Ke6 43. Kc2 Rg3 44. a3 h3 45. gxh3 Rxf3 46. Rh2 Ke5 47. h4 Kf6 48. h5 Kg7 49. h6+ Kh7 50. Rh5 Rf2+ 51. Kb3 Bd4 52. Rd5 c5 53. Ka4 Rxb2 54. Rd7+ Kxh6 55. Rxa7 Kg5 56. Re7 Kf6 57. Re2 Rxe2 0-1

[Event "Titled Tuesday intern op 02nd Apr Early"]
[Site "Chess.com INT"]
[Date "2024.04.02"]
[Round "6"]
[White "Rustemov, Alexander"]
[Black "Vovk, Orest"]
[Result "1-0"]
[WhiteElo "2525"]
[BlackElo "2315"]
[PlyCount "85"]
[EventDate "2024.04.02"]
[EventType "swiss (blitz)"]
[EventRounds "11"]
[EventCountry "USA"]
[SourceTitle "CB15_2024"]
[SourceDate "2024.04.10"]
[SourceVersion "1"]
[SourceVersionDate "2024.04.10"]
[SourceQuality "1"]

1. d4 h6 2. e4 g5 3. h4 g4 4. Ne2 d5 5. exd5 Qxd5 6. Nbc3 Qa5 7. Ng3 Nf6 8. Bc4 c6 9. 0-0 Nbd7 10. Re1 Nb6 11. Bb3 Bd7 12. Bf4 0-0-0 13. Qe2 e6 14. Be5 Be7 15. Nce4 Nxe4 16. Nxe4 f5 17. Nd6+ Bxd6 18. Bxd6 Rde8 19. c4 Kd8 20. Bf4 Re7 21. Rad1 Ke8 22. Bd6 Nc8 23. Bxe7 Nxe7 24. d5 cxd5 25. cxd5 g3 26. dxe6 gxf2+ 27. Kxf2 Qc5+ 28. Qe3 Qxe3+ 29. Rxe3 Bc6 30. Red3 Kf8 31. Rd8+ Kg7 32. Rxh8 Kxh8 33. Rd8+ Kg7 34. g3 Kf6 35. Ke3 Ke5 36. Rh8 Bd5 37. Rxh6 Bxb3 38. axb3 Nd5+ 39. Kf3 a5 40. Rh7 Kxe6 41. Rxb7 Nb4 42. Rb6+ Ke7 43. Rb5 1-0

[Event "Titled Tuesday intern op 26th Sep Late"]
[Site "Chess.com INT"]
[Date "2023.09.26"]
[Round "2"]
[White "Boros, Denes"]
[Black "Vovk, Orest"]
[Result "1-0"]
[WhiteElo "2399"]
[BlackElo "2315"]
[PlyCount "57"]
[EventDate "2023.09.26"]
[EventType "swiss (blitz)"]
[EventRounds "11"]
[EventCountry "USA"]
[SourceTitle "EXT 2024"]
[Source "ChessBase"]
[SourceDate "2023.10.10"]
[SourceVersion "1"]
[SourceVersionDate "2023.10.10"]
[SourceQuality "1"]

1. d4 h6 2. e4 g5 3. h4 g4 4. Nc3 Bg7 5. Qxg4 Bxd4 6. Bd2 Nf6 7. Qf3 d6 8. Nge2 Bb6 9. Na4 Bg4 10. Qd3 Nc6 11. f3 Ne5 12. Qc3 Bd7 13. b3 Bxa4 14. bxa4 Qd7 15. Nd4 a6 16. a5 Bc5 17. Rb1 Qa4 18. Nb3 Ned7 19. Nxc5 Nxc5 20. Be3 Qxa2 21. Ra1 Qe6 22. Bc4 Qd7 23. e5 Rg8 24. exf6 Rxg2 25. fxe7 Qxe7 26. Kf1 Rg8 27. Bxc5 0-0-0 28. Bf2 Qf6 29. Qxf6 1-0

[Event "Titled Tuesday intern op 26th Sep Early"]
[Site "Chess.com INT"]
[Date "2023.09.26"]
[Round "2"]
[White "Schmakel, Sam A"]
[Black "Vovk, Orest"]
[Result "1-0"]
[WhiteElo "2457"]
[BlackElo "2315"]
[PlyCount "31"]
[EventDate "2023.09.26"]
[EventType "swiss (blitz)"]
[EventRounds "11"]
[EventCountry "USA"]
[SourceTitle "EXT 2024"]
[Source "ChessBase"]
[SourceDate "2023.10.10"]
[SourceVersion "1"]
[SourceVersionDate "2023.10.10"]
[SourceQuality "1"]

1. d4 e6 2. Nf3 Nf6 3. c4 Bb4+ 4. Bd2 a5 5. a3 Bxd2+ 6. Qxd2 a4 7. Nc3 d6 8. e4 0-0 9. Bd3 Nc6 10. 0-0 e5 11. d5 Na5 12. Rae1 Nb3 13. Qd1 Nc5 14. Bc2 Bd7 15. Nd2 Nh5 16. Qxh5 1-0

[Event "Titled Tuesday intern op 19th Sep Late"]
[Site "Chess.com INT"]
[Date "2023.09.19"]
[Round "5"]
[White "Dourerassou, Jonathan"]
[Black "Vovk, Orest"]
[Result "1-0"]
[WhiteElo "2415"]
[BlackElo "2315"]
[PlyCount "169"]
[EventDate "2023.09.19"]
[EventType "swiss (blitz)"]
[EventRounds "11"]
[EventCountry "USA"]
[SourceTitle "EXT 2024"]
[Source "ChessBase"]
[SourceDate "2023.10.10"]
[SourceVersion "1"]
[SourceVersionDate "2023.10.10"]
[SourceQuality "1"]

1. d4 g6 2. e4 Nf6 3. e5 Nh5 4. Be2 d6 5. Bxh5 gxh5 6. Qxh5 dxe5 7. dxe5 Qd5 8. Nf3 Qe4+ 9. Be3 Qxc2 10. 0-0 Rg8 11. Ng5 Qf5 12. Rd1 Nc6 13. Nc3 Bd7 14. e6 Bxe6 15. Nb5 Rc8 16. Nxe6 Qxe6 17. Qxh7 Qg4 18. g3 a6 19. Nd4 Nxd4 20. Rxd4 Qg6 21. Qh3 e6 22. Qg2 Rb8 23. Rc1 Bd6 24. Qf3 Ke7 25. Rxd6 cxd6 26. Rc7+ Kf8 27. Bh6+ Ke8 28. Bg5 d5 29. h4 Qb1+ 30. Kh2 Qf5 31. Qe3 Rxg5 32. hxg5 Kf8 33. Rc1 Kg7 34. Kg2 b5 35. Qd4+ Kg8 36. Rh1 Qe4+ 37. Qxe4 dxe4 38. Re1 Rc8 39. Rxe4 Rc2 40. Rb4 Rc5 41. f4 Rc2+ 42. Kh3 Kg7 43. Kg4 Kg6 44. a3 Rd2 45. Kf3 Rc2 46. Rb3 Rh2 47. Kg4 Rf2 48. Rb4 Rc2 49. a4 bxa4 50. Rxa4 Rxb2 51. Rxa6 Rb4 52. Ra8 Kg7 53. Ra1 Rc4 54. Rh1 Rb4 55. Re1 Rc4 56. Re3 Rb4 57. Kh5 Rc4 58. Rf3 Rb4 59. g4 Rb1 60. Kh4 Rh1+ 61. Kg3 Rg1+ 62. Kh3 Rh1+ 63. Kg2 Rb1 64. f5 Rb5 65. Kg3 Ra5 66. Kh4 Ra1 67. Kg3 Rg1+ 68. Kf4 Re1 69. Re3 Rf1+ 70. Ke5 Ra1 71. Kf4 exf5 72. gxf5 Ra4+ 73. Re4 Ra1 74. Ke5 Ra5+ 75. Kf4 Ra1 76. Re3 Ra4+ 77. Ke5 f6+ 78. gxf6+ Kf7 79. Rc3 Ra5+ 80. Kf4 Kxf6 81. Rc6+ Kg7 82. Kg5 Ra1 83. Rc7+ Kg8 84. Kg6 Ra2 85. Rc8# 1-0

[Event "Titled Tuesday intern op 19th Sep Early"]
[Site "Chess.com INT"]
[Date "2023.09.19"]
[Round "4"]
[White "Hoffmann, Asa"]
[Black "Vovk, Orest"]
[Result "0-1"]
[WhiteElo "2185"]
[BlackElo "2315"]
[PlyCount "78"]
[EventDate "2023.09.19"]
[EventType "swiss (blitz)"]
[EventRounds "11"]
[EventCountry "USA"]
[SourceTitle "EXT 2024"]
[Source "ChessBase"]
[SourceDate "2023.10.10"]
[SourceVersion "1"]
[SourceVersionDate "2023.10.10"]
[SourceQuality "1"]

1. d4 Nc6 2. Nf3 e5 3. d5 e4 4. Nfd2 e3 5. fxe3 Ne5 6. Nf3 Ng6 7. h4 h5 8. e4 Be7 9. g3 Bd6 10. Rg1 Nf6 11. Nc3 Ng4 12. Bg5 f6 13. Bd2 Bc5 14. Rg2 d6 15. Na4 Be3 16. Qc1 Bxd2+ 17. Qxd2 Qe7 18. Nc3 Bd7 19. 0-0-0 0-0-0 20. e3 N6e5 21. Nxe5 fxe5 22. Be2 Rhf8 23. Rgg1 g5 24. hxg5 Qxg5 25. Bxg4 Bxg4 26. Rde1 Rf3 27. a4 a6 28. b4 Rdf8 29. a5 Bd7 30. Qd3 Rxg3 31. Rh1 h4 32. b5 axb5 33. Nxb5 Bxb5 34. Qxb5 Rxe3 35. Kb2 Rxe1 36. Rxe1 Qd2 37. Rc1 Qd4+ 38. Kb3 Qxe4 39. a6 Qe3+ 0-1

[Event "Titled Tuesday intern op 19th Sep Early"]
[Site "Chess.com INT"]
[Date "2023.09.19"]
[Round "1"]
[White "Vovk, Orest"]
[Black "Garrido, Denis"]
[Result "1-0"]
[WhiteElo "2315"]
[BlackElo "2205"]
[PlyCount "107"]
[EventDate "2023.09.19"]
[EventType "swiss (blitz)"]
[EventRounds "11"]
[EventCountry "USA"]
[SourceTitle "EXT 2024"]
[Source "ChessBase"]
[SourceDate "2023.10.10"]
[SourceVersion "1"]
[SourceVersionDate "2023.10.10"]
[SourceQuality "1"]

1. h4 d5 2. h5 e5 3. h6 Nxh6 4. d4 Ng4 5. f3 Nf6 6. dxe5 Ng8 7. e4 d4 8. c3 Bc5 9. cxd4 Bxd4 10. Nc3 Ne7 11. Nge2 Bxc3+ 12. Nxc3 Qxd1+ 13. Nxd1 Nbc6 14. f4 Bd7 15. Be3 0-0-0 16. Be2 Nb4 17. Kf2 Nc2 18. Rc1 Nxe3 19. Nxe3 Nc6 20. Nd5 Be6 21. Bc4 Na5 22. Ne7+ Kb8 23. Bxe6 fxe6 24. Rcd1 Rxd1 25. Rxd1 Nc4 26. f5 Re8 27. f6 gxf6 28. exf6 Rf8 29. Ke2 a6 30. Rf1 Nxb2 31. g4 Nc4 32. g5 Ne5 33. Rh1 Nf7 34. Rxh7 Nxg5 35. Rg7 Nxe4 36. f7 Nf6 37. Ng6 Rxf7 38. Rxf7 Nd5 39. Rf8+ Ka7 40. Re8 Nc3+ 41. Kd3 Nxa2 42. Re7 Nb4+ 43. Kc4 a5 44. Rxc7 Ka6 45. Re7 b5+ 46. Kc5 Nd3+ 47. Kd4 Nb4 48. Rxe6+ Kb7 49. Kc5 Nc6 50. Rxc6 b4 51. Rb6+ Kc7 52. Kb5 b3 53. Kxa5 b2 54. Rxb2 1-0